000 00684nam a2200229 a 4500
001 000081201
005 20200120224448.0
008 161111s2015 ck o|||gr|||| 001 ||spa d
020 _a9789962041825
041 0 _a#+spa
043 _as-ck---
082 0 4 _a646.727
_bU51
_221
245 1 0 _aUñas con estilo :
_búltimas tendencias.
250 _aEd. especial.
260 _aBogotá :
_bLexus Colombiana S.A.S.,
_c2015.
300 _a200 páginas :
_bfotografías a color.
500 _aIncluye índice
650 1 7 _aManicura
_xenseñanza elemental
_vguía
_2LEMB
650 1 7 _aUñas
_xdiseño
_2LEMB
650 2 7 _aUñas
_xestética
_2LEMB
650 2 7 _aUñas
_xenseñanza elemental
_2LEMB
999 _c9614
_d9614